[Event "AUT-chT2W 0910"]
[Site "Austria"]
[Date "2010.03.13"]
[Round "10.5"]
[White "Embacher, Gregor"]
[Black "Mira, Helene"]
[Result "1/2-1/2"]
[WhiteElo "2149"]
[BlackElo "2108"]
[PlyCount "55"]
[EventDate "2009.10.23"]
[EventType "team-tourn"]
[EventRounds "11"]
[EventCountry "AUT"]
[SourceTitle "EXT 2011"]
[Source "ChessBase"]
[SourceDate "2010.11.26"]
[SourceVersion "1"]
[SourceVersionDate "2010.11.26"]
[SourceQuality "1"]
[WhiteTeam "Absam"]
[BlackTeam "Bregenz"]
[WhiteTeamCountry "AUT"]
[BlackTeamCountry "AUT"]

1. Nf3 Nf6 2. g3 d5 3. c4 c6 4. cxd5 cxd5 5. Bg2 g6 6. 0-0 Bg7 7. d4 0-0 8. Qb3 Nc6 9. Nc3 Na5 10. Qd1 Ne4 11. Nxe4 dxe4 12. Ng5 Qxd4 13. Qxd4 Bxd4 14. Rd1 Bg7 15. Bxe4 h6 16. Nf3 Be6 17. Nd4 Rfd8 18. Be3 Bd5 19. Bxd5 Rxd5 20. Nf3 Rb5 21. Rab1 Nc4 22. Bd4 Bxd4 23. Nxd4 Rd5 24. Nf3 Rad8 25. Rxd5 Rxd5 26. Kf1 Nd2+ 27. Nxd2 Rxd2 28. Ke1 1/2-1/2

[Event "AUT-chT2W 0910"]
[Site "Austria"]
[Date "2009.11.29"]
[Round "6.4"]
[White "Langwieser, Alexander"]
[Black "Embacher, Gregor"]
[Result "0-1"]
[WhiteElo "2049"]
[BlackElo "2149"]
[PlyCount "82"]
[EventDate "2009.10.23"]
[EventType "team-tourn"]
[EventRounds "11"]
[EventCountry "AUT"]
[SourceTitle "CBM 133 Extra"]
[Source "ChessBase"]
[SourceDate "2010.01.05"]
[SourceVersion "1"]
[SourceVersionDate "2010.01.05"]
[SourceQuality "1"]
[WhiteTeam "Dornbirn"]
[BlackTeam "Absam"]
[WhiteTeamCountry "AUT"]
[BlackTeamCountry "AUT"]

1. e4 Nf6 2. e5 Nd5 3. d4 d6 4. c4 Nb6 5. exd6 exd6 6. Be3 Be7 7. Bd3 Bf6 8. Nc3 Nc6 9. Be2 0-0 10. Ne4 Be7 11. Ng3 d5 12. c5 Nc4 13. Bxc4 dxc4 14. Nf3 Bg4 15. 0-0 Qd5 16. h3 Bxf3 17. Qxf3 Qxf3 18. gxf3 Rfd8 19. Rac1 Bf6 20. Rxc4 Bxd4 21. Bxd4 Rxd4 22. Rxd4 Nxd4 23. Kg2 Ne6 24. c6 bxc6 25. Rd1 Rb8 26. b3 Rb5 27. Ne4 Rd5 28. Nc3 Rd6 29. Kg3 Kf8 30. f4 Nd4 31. Kg2 f5 32. Na4 Ne6 33. Rxd6 cxd6 34. Kf3 Ke7 35. Nb2 Nd4+ 36. Ke3 Nc2+ 37. Kd2 Nb4 38. a3 Nd5 39. Nd3 Kf6 40. b4 g5 41. fxg5+ Kxg5 0-1

[Event "Wattens op 12th"]
[Site "Wattens"]
[Date "1997.??.??"]
[Round "?"]
[White "Embacher, Gregor"]
[Black "Sprenger, Wendelin"]
[Result "1-0"]
[WhiteElo "1995"]
[BlackElo "1780"]
[PlyCount "75"]
[EventDate "1997.??.??"]
[EventType "swiss"]
[EventRounds "9"]
[EventCountry "AUT"]
[SourceTitle "EXT 2000"]
[Source "ChessBase"]
[SourceDate "1999.11.16"]
[SourceVersion "1"]
[SourceVersionDate "1999.11.16"]
[SourceQuality "1"]

1. e4 e6 2. d4 d5 3. Nc3 Bb4 4. e5 c5 5. a3 Bxc3+ 6. bxc3 Qc7 7. Qg4 f5 8. Qh5+ Qf7 9. Qxf7+ Kxf7 10. Rb1 Nc6 11. Nf3 cxd4 12. cxd4 h6 13. h4 g6 14. c4 dxc4 15. Bxc4 Nge7 16. 0-0 Kg7 17. Bb2 Rd8 18. Rfd1 Nd5 19. Ba2 b6 20. Rbc1 Bb7 21. g3 Rac8 22. Nd2 Na5 23. Nc4 Nxc4 24. Bxc4 Nc7 25. Rc3 b5 26. Bb3 Bd5 27. Rdc1 Bxb3 28. Rxb3 Nd5 29. Rxb5 Rxc1+ 30. Bxc1 Nb6 31. Be3 Rd5 32. Rc5 h5 33. Rc7+ Rd7 34. Rxd7+ Nxd7 35. d5 exd5 36. Bxa7 Nxe5 37. Bd4 Kf6 38. f4 1-0

[Event "Wattens op 09th"]
[Site "Wattens"]
[Date "1994.??.??"]
[Round "4"]
[White "Embacher, Gregor"]
[Black "Michel, Jan"]
[Result "1-0"]
[WhiteElo "1900"]
[BlackElo "1645"]
[PlyCount "63"]
[EventDate "1994.??.??"]
[EventType "swiss"]
[EventRounds "9"]
[EventCountry "AUT"]
[SourceTitle "EXT 2000"]
[Source "ChessBase"]
[SourceDate "1999.11.16"]
[SourceVersion "1"]
[SourceVersionDate "1999.11.16"]
[SourceQuality "1"]

1. c4 c5 2. Nf3 Nc6 3. g3 e5 4. Nc3 Be7 5. Bg2 Nf6 6. 0-0 0-0 7. a3 d6 8. Rb1 a6 9. b4 cxb4 10. axb4 Bd7 11. d4 Rb8 12. d5 Na7 13. Be3 Nc8 14. c5 Bf5 15. Rc1 dxc5 16. bxc5 Re8 17. Nh4 Bg6 18. Nxg6 hxg6 19. d6 Bf8 20. Nd5 Bxd6 21. cxd6 Nxd6 22. Bb6 Qd7 23. Nxf6+ gxf6 24. Bc7 Red8 25. Bxd8 Rxd8 26. Qb3 e4 27. Rfd1 f5 28. Qd5 Qe7 29. Rd4 Kg7 30. Rcd1 f6 31. Qc5 b6 32. Qxb6 1-0

[Event "Wattens op 09th"]
[Site "Wattens"]
[Date "1994.??.??"]
[Round "7"]
[White "Kirchmair, Kurt"]
[Black "Embacher, Gregor"]
[Result "1-0"]
[WhiteElo "1745"]
[BlackElo "1900"]
[PlyCount "118"]
[EventDate "1994.??.??"]
[EventType "swiss"]
[EventRounds "9"]
[EventCountry "AUT"]
[SourceTitle "EXT 2000"]
[Source "ChessBase"]
[SourceDate "1999.11.16"]
[SourceVersion "1"]
[SourceVersionDate "1999.11.16"]
[SourceQuality "1"]

1. e4 e5 2. Nf3 f5 3. Nxe5 Qf6 4. Nc4 fxe4 5. Ne3 c6 6. d3 exd3 7. Bxd3 d5 8. c3 Bd6 9. Nd2 Ne7 10. Qf3 Nd7 11. Qxf6 Nxf6 12. h3 0-0 13. Nf3 Nh5 14. Ng4 Bf4 15. Ne3 Bh6 16. Ne5 Nf4 17. 0-0 Nxd3 18. Nxd3 Ng6 19. Ng4 Bxg4 20. hxg4 Bxc1 21. Raxc1 Nf4 22. Nxf4 Rxf4 23. f3 Re8 24. Rfe1 Rff8 25. Kf2 Kf7 26. Kg3 Re7 27. Rxe7+ Kxe7 28. f4 Kd7 29. Re1 Re8 30. Rxe8 Kxe8 31. f5 Ke7 32. Kf4 Kd6 33. g5 a5 34. g4 a4 35. f6 gxf6 36. gxf6 Ke6 37. g5 h6 38. a3 h5 39. Kg3 c5 40. Kh4 d4 41. cxd4 cxd4 42. Kxh5 d3 43. Kg6 d2 44. f7 d1Q 45. f8Q Qc2+ 46. Kg7 Kd7 47. Qf6 Qe4 48. g6 Kc8 49. Kg8 Kb8 50. g7 Ka7 51. Kf8 Qc4 52. g8Q Qc8+ 53. Kg7 Qd7+ 54. Qgf7 Qg4+ 55. Kf8 Qc8+ 56. Qe8 Qc5+ 57. Qee7 Qc8+ 58. Qd8 Qc5+ 59. Qdd6 Qc8+ 1-0

[Event "Wattens op 08th"]
[Site "Wattens"]
[Date "1993.??.??"]
[Round "?"]
[White "Wurzer, Gerhard"]
[Black "Embacher, Gregor"]
[Result "1/2-1/2"]
[WhiteElo "1875"]
[BlackElo "1795"]
[PlyCount "39"]
[EventDate "1993.??.??"]
[EventType "swiss"]
[EventRounds "9"]
[EventCountry "AUT"]
[SourceTitle "EXT 2000"]
[Source "ChessBase"]
[SourceDate "1999.11.16"]
[SourceVersion "1"]
[SourceVersionDate "1999.11.16"]
[SourceQuality "1"]

1. e4 e5 2. d4 exd4 3. f4 d5 4. e5 Nc6 5. Nf3 f6 6. exf6 Nxf6 7. Bd3 Bg4 8. 0-0 Qd7 9. a3 Be7 10. Qe1 0-0 11. b4 a6 12. Nbd2 Rae8 13. Qf2 Ne4 14. Nxe4 dxe4 15. Bxe4 Bf6 16. Bd3 Bf5 17. Ne1 Bxd3 18. Nxd3 b6 19. Rb1 Ne7 20. Bd2 1/2-1/2